[Event "6th SC 1400/1800"]
[Site "SchemingMind.com"]
[Date "2006.03.28"]
[Round "-"]
[White "mohamad_souza"]
[Black "spoke"]
[Result "1-0"]
[WhiteCountry "IRQ"]
[BlackCountry "GER"]
[WhiteElo "1940"]
[WhiteRD "117"]
[BlackElo "1658"]
[BlackRD "66"]
[GameID "44383"]

1. e4 e5 2. Nf3 Nc6 3. Bc4 Nf6 4. d3 Bc5 5. Bg5 d6 6. Nc3 h6 7. Bh4 g5 8. Bg3 Nh5 9. Nb5 Nxg3 10. fxg3 a6
11. Nc3 Bg4 12. Rf1 Rf8 13. Qd2 Qe7 14. Nd5 Qd8 15. Nxg5 Qxg5 16. Qxg5 hxg5 17. Nf6+ Ke7 18. Nxg4 Nd4 19. Kd2 f5 20. exf5 Rxf5
21. Rxf5 Nxf5 22. Rf1 Rf8 23. c3 c6 24. Bb3 b5 25. a4 b4 26. Rf3 a5 27. Ba2 Ng7 28. Rxf8 Kxf8 29. Nf6 bxc3+ 30. bxc3 Ke7
31. Ne4 Bg1 32. h3 Bh2 33. Nxg5 Bxg3 34. Ke2 Bf4 35. Nf3 Nf5 36. Bb1 Kf6 37. g4 Ne7 38. Ba2 d5 39. Bb1 d4 40. cxd4 exd4
41. Nxd4 Nd5 42. Nxc6 Nc3+ 43. Kf3 Bd2 44. Bc2
1-0

[Event "6th SC 1400/1800"]
[Site "SchemingMind.com"]
[Date "2006.03.29"]
[Round "-"]
[White "spoke"]
[Black "mohamad_souza"]
[Result "0-1"]
[WhiteCountry "GER"]
[BlackCountry "IRQ"]
[WhiteElo "1621"]
[WhiteRD "70"]
[BlackElo "1951"]
[BlackRD "144"]
[GameID "44384"]

1. e4 e5 2. Nf3 Nf6 3. Nc3 Bb4 4. d3 d5 5. exd5 Qxd5 6. Bd2 Bxc3 7. Bxc3 Nc6 8. g3 Bg4 9. Bg2 O-O-O 10. O-O Qd6
11. Re1 Nd4 12. Bxd4 exd4 13. h3 Bh5 14. g4 Bg6 15. Re5 h5 16. g5 Nd7 17. Ra5 Qb6 18. Ra3 f6 19. Qd2 Qxb2 20. Rxa7 Qxa1+
21. Kh2 Qb2 22. Ra8+ Nb8 23. Qa5 Qxc2 24. Nh4 Bxd3 25. Qa7 Kd7 26. Qxb7 Qxf2 27. Qd5+ Ke7 28. Qc5+ Ke6 29. Qxc7 Qxh4 30. Rxb8 Rxb8
31. Qc6+ Kf5 32. Qd7+ Kg6
0-1

[Event "6th SC 1400/1800"]
[Site "SchemingMind.com"]
[Date "2006.03.30"]
[Round "-"]
[White "keen"]
[Black "spoke"]
[Result "1-0"]
[WhiteCountry "SCO"]
[BlackCountry "GER"]
[WhiteElo "1704"]
[WhiteRD "69"]
[BlackElo "1621"]
[BlackRD "70"]
[GameID "44633"]

1. e4 e5 2. Nf3 Nc6 3. Bb5 a6 4. Ba4 Nf6 5. O-O Be7 6. Re1 b5 7. Bb3 d6 8. h3 Na5 9. c3 Nxb3 10. axb3 Bb7
11. Qc2 Qd7 12. d4 O-O 13. dxe5 dxe5 14. Nxe5 Qe6 15. Nf3 Bxe4 16. Qe2 Qxb3 17. Nbd2 Bxf3 18. Qxf3 Qd5 19. Rxe7 Qxf3 20. Nxf3 c5
21. Bg5 Nd5 22. Re5 Nb6 23. Rxc5
1-0

[Event "6th SC 1400/1800"]
[Site "SchemingMind.com"]
[Date "2006.03.30"]
[Round "-"]
[White "keen"]
[Black "mohamad_souza"]
[Result "0-1"]
[WhiteCountry "SCO"]
[BlackCountry "IRQ"]
[WhiteElo "1704"]
[WhiteRD "69"]
[BlackElo "1951"]
[BlackRD "144"]
[GameID "44634"]

1. e4 e5 2. Nf3 Nf6 3. Nxe5 Qe7 4. Nf3 Nxe4 5. Be2 d6 6. O-O Na6 7. Re1 Be6 8. d4 d5 9. Nbd2 Nb4 10. a3 Nc6
11. Nxe4 dxe4 12. Ng5 O-O-O 13. Nxe6 Qxe6 14. c3 f5 15. Bf4 Be7 16. Qa4 g5 17. Bc4 Qg6 18. Bd2 a6 19. Bxa6 bxa6 20. Qxa6+ Kd7
21. d5 Nb8 22. Qb5+ c6 23. dxc6+ Nxc6 24. Rad1 Kc7 25. Be3 Rb8 26. Qd5 Rhd8 27. Qa2 Rxd1 28. Rxd1 Rd8 29. Rxd8 Bxd8 30. a4 f4
31. Bc5 Qf5 32. b4 Qd7 33. a5 Qd1#
0-1

[Event "6th SC 1400/1800"]
[Site "SchemingMind.com"]
[Date "2006.03.31"]
[Round "-"]
[White "spoke"]
[Black "keen"]
[Result "1-0"]
[WhiteCountry "GER"]
[BlackCountry "SCO"]
[WhiteElo "1621"]
[WhiteRD "70"]
[BlackElo "1704"]
[BlackRD "69"]
[GameID "44635"]

1. e4 e5 2. Nf3 Nc6 3. Bc4 Bc5 4. Nc3 Nf6 5. d3 h6 6. Be3 Nd4 7. Nxe5 d6 8. Bxd4 dxe5 9. Bxc5 b6 10. Bb5+ Bd7
11. Bxd7+ Qxd7 12. Be3 O-O 13. O-O Rad8 14. f4 Rfe8 15. f5 Qc6 16. Qf3 Rd6 17. Qg3 Kh7 18. a4 a6 19. Qf2 Ng4 20. Qf3 Nf6
21. g4 Nd7 22. g5 Rg8 23. Qh5 Nf8 24. Qxf7
1-0

[Event "6th SC 1400/1800"]
[Site "SchemingMind.com"]
[Date "2006.03.30"]
[Round "-"]
[White "mohamad_souza"]
[Black "keen"]
[Result "1/2-1/2"]
[WhiteCountry "IRQ"]
[BlackCountry "SCO"]
[WhiteElo "1940"]
[WhiteRD "117"]
[BlackElo "1688"]
[BlackRD "60"]
[GameID "44636"]

1. e4 e6 2. Nf3 c5 3. Bb5 a6 4. Be2 Nc6 5. Nc3 d5 6. exd5 exd5 7. d4 Nf6 8. O-O Be7 9. Bg5 Be6 10. dxc5 Bxc5
11. Na4 Ba7 12. Qd2 O-O 13. Rad1 b5 14. Nc3 d4 15. Bxf6 Qxf6 16. Ne4 Qe7 17. Qg5 Qxg5 18. Nfxg5 Rfe8 19. Bf3 Rad8 20. Nxe6 Rxe6
21. Ng5 Red6 22. Be4 h6 23. Nf3 Nb4 24. a3 Nd5 25. Rfe1 Nf6 26. Bd3 Kf8 27. Ne5 Nh5 28. Bf5 Nf6 29. g3 g6 30. Bh3 Re8
31. Rd3 Red8 32. Bg2 Re8 33. Re2 Ng4 34. f4 Nxe5 35. Rxe5 Rde6 36. Rxe6 Rxe6 37. Kf2 Re7 38. Kf3 Re1 39. c3 dxc3 40. Rxc3 Kg7
41. Rd3 Rc1 42. Rd2 Re1= 43. Rd7 Re3+ 44. Kg4 Bc5 45. Bd5 Re7 46. Rxe7 Bxe7 47. Kf3 Bf6 48. b3 Bb2= 49. a4 bxa4 50. bxa4 a5
51. g4 g5 52. Ke4 Kf6 53. h3 Bc1 54. f5 Bd2 55. Bc4 Be1 56. Kd5 Bb4 57. Kc6 Ke7 58. Bd5 f6 59. Be6=
1/2-1/2

[Event "6th SC 1400/1800"]
[Site "SchemingMind.com"]
[Date "2006.03.31"]
[Round "-"]
[White "alejandroales"]
[Black "spoke"]
[Result "0-1"]
[WhiteCountry "ARG"]
[BlackCountry "GER"]
[WhiteElo "1679"]
[WhiteRD "73"]
[BlackElo "1658"]
[BlackRD "66"]
[GameID "44756"]

1. d4 d5 2. c4 e6 3. Nc3 Nf6 4. Bg5 Nbd7 5. Nf3 h6 6. Bh4 c6 7. e3 Bb4 8. Rc1 O-O 9. cxd5 exd5 10. Bd3 Re8
11. O-O Qa5 12. Bb1 Bxc3 13. Rxc3 Ne4 14. Qc2 Nf8 15. Ra3 Qb4 16. Ne5 Nd2 17. e4 Nxb1 18. Qxb1 Qxd4 19. Nd3 Rxe4 20. Bg3 Bf5
21. Qd1 Rae8 22. Qd2 Re2 23. Qd1 Bxd3 24. Rxd3 Qxb2 25. Bd6 Qc2 26. Qxc2 Rxc2 27. Rb3 b5 28. Ra3 Ng6 29. Rxa7 d4 30. g3 d3
31. Bb4 c5 32. Ba5 b4 33. Rd7 Ne5 34. Rd5 Nf3+ 35. Kg2 Ne1+ 36. Rxe1 Rxe1 37. Rxd3 Ree2 38. Rf3 Rxa2 39. Bb6 b3 40. Rxb3 Rxf2+
41. Kh3 Rxh2+ 42. Kg4 Ra4+ 43. Kf3 Rb4 44. Rxb4 cxb4 45. Bd4 b3
0-1

[Event "6th SC 1400/1800"]
[Site "SchemingMind.com"]
[Date "2006.03.31"]
[Round "-"]
[White "alejandroales"]
[Black "keen"]
[Result "0-1"]
[WhiteCountry "ARG"]
[BlackCountry "SCO"]
[WhiteElo "1692"]
[WhiteRD "79"]
[BlackElo "1704"]
[BlackRD "69"]
[GameID "44757"]

1. c4 e5 2. g3 Nf6 3. Bg2 Nc6 4. Nc3 b6 5. b3 Bb7 6. Bb2 g6 7. e3 Bg7 8. Nge2 O-O 9. O-O a6 10. Qc2 Ra7
11. Rad1 Qa8 12. h3 Re8 13. d4 exd4 14. Bxc6 Bxc6 15. Nxd4 Bg2 16. Kh2 Bxf1 17. Rxf1 c5 18. Nde2 Qf3 19. Nf4 Rxe3 20. Ncd5 Nxd5
21. Nxd5 Re2
0-1

[Event "6th SC 1400/1800"]
[Site "SchemingMind.com"]
[Date "2006.03.31"]
[Round "-"]
[White "alejandroales"]
[Black "mohamad_souza"]
[Result "0-1"]
[WhiteCountry "ARG"]
[BlackCountry "IRQ"]
[WhiteElo "1679"]
[WhiteRD "73"]
[BlackElo "1940"]
[BlackRD "117"]
[GameID "44758"]

1. d4 d5 2. c4 c6 3. Nc3 Nf6 4. Nf3 Bg4 5. Ne5 Bh5 6. Qb3 Qb6 7. e3 e6 8. cxd5 Qxb3 9. axb3 cxd5 10. Nb5 Na6
11. Rxa6 Bb4+ 12. Bd2 Bxd2+ 13. Kxd2 bxa6 14. Nc7+ Ke7 15. Nxa8 Rxa8 16. Bxa6 Ne4+ 17. Kc2 Nxf2 18. Rf1 Ng4 19. Nxg4 Bxg4 20. Rf4 Bf5+
21. Kc3 Rb8 22. g4 g5 23. Rf3 Bxg4 24. Rf1 f5 25. Rg1 h5 26. h3 Bxh3 27. Rxg5 Bg4 28. Rg7+ Kf6 29. Rxa7 h4 30. Rh7 Kg5
31. Bf1 Bh5 32. Bh3 Kg6 33. Re7 Kf6 34. Rh7 Kg6 35. Re7 Rb6 36. b4 Bg4 37. Bg2 h3 38. Bxh3 Bxh3 39. b3 Kf6 40. Rh7 Bf1
41. Rh2 Bb5 42. Rg2 Rc6+ 43. Kb2 Rc8 44. Rg1 Rh8 45. Rg2 Rh3
0-1

[Event "6th SC 1400/1800"]
[Site "SchemingMind.com"]
[Date "2006.03.31"]
[Round "-"]
[White "spoke"]
[Black "alejandroales"]
[Result "0-1"]
[WhiteCountry "GER"]
[BlackCountry "ARG"]
[WhiteElo "1658"]
[WhiteRD "66"]
[BlackElo "1679"]
[BlackRD "73"]
[GameID "44759"]

1. e4 e5 2. Nf3 Nc6 3. Bc4 Nf6 4. Ng5 d5 5. exd5 Na5 6. Bb5+ c6 7. dxc6 bxc6 8. Be2 h6 9. Nf3 e4 10. Ne5 Bd6
11. f4 exf3 12. Nxf3 O-O 13. O-O c5 14. d4 cxd4 15. Qxd4 Qc7 16. Be3 Ng4 17. Rd1 Nxe3 18. Qxe3 Bc5 19. Nd4 Nc6 20. c3 Bb7
21. Na3 Rae8 22. Qd2 Nxd4 23. cxd4 Bxd4+ 24. Qxd4 Rxe2 25. Rd2= Rfe8 26. Rad1 Bxg2 27. Rxe2 Rxe2 28. Nb5 Qc2 29. Qd8+ Kh7 30. Qd3+ Qxd3
31. Rxd3 Rxb2 32. Nxa7 Rxa2 33. Rd7 Kg6 34. Nb5 Bh3 35. Rd3 Be6 36. Rg3+ Kh7 37. Nd6 g5 38. Ne4 Kg6 39. h4 Ra4
0-1

[Event "6th SC 1400/1800"]
[Site "SchemingMind.com"]
[Date "2006.03.31"]
[Round "-"]
[White "keen"]
[Black "alejandroales"]
[Result "0-1"]
[WhiteCountry "SCO"]
[BlackCountry "ARG"]
[WhiteElo "1688"]
[WhiteRD "60"]
[BlackElo "1679"]
[BlackRD "73"]
[GameID "44760"]

1. e4 e5 2. Nf3 Nc6 3. Bb5 a6 4. Ba4 Nf6 5. O-O Be7 6. Re1 b5 7. Bb3 O-O 8. c3 d6 9. d4 Na5 10. Bc2 c5
11. dxc5 dxc5 12. Qxd8 Rxd8 13. Nxe5 Bb7 14. Bg5 h6 15. Bh4 g5 16. Bg3 Nxe4 17. Na3 Nxg3 18. hxg3 Bf6 19. Ng4 Bg7 20. Be4 Bxe4
21. Rxe4 f5 22. Nxh6+ Bxh6 23. Re5 Nb7 24. Rxf5 Kg7 25. Re1 Rd7 26. Rfe5 Rad8 27. Re7+ Kg8 28. R7e6 Rd6 29. Re7 R8d7 30. R7e2 Bg7
31. Kf1 b4 32. Nc4 Rd1 33. cxb4 cxb4 34. b3 Bc3 35. Re8+ Kg7 36. Rxd1 Rxd1+ 37. Ke2 Re1+
0-1

[Event "6th SC 1400/1800"]
[Site "SchemingMind.com"]
[Date "2006.03.31"]
[Round "-"]
[White "mohamad_souza"]
[Black "alejandroales"]
[Result "1-0"]
[WhiteCountry "IRQ"]
[BlackCountry "ARG"]
[WhiteElo "1940"]
[WhiteRD "117"]
[BlackElo "1679"]
[BlackRD "73"]
[GameID "44761"]

1. e4 e5 2. Nf3 Nc6 3. Bc4 Nf6 4. d3 Bc5 5. Bg5 d6 6. Nc3 O-O 7. Nd5 Be6 8. Nxf6+ gxf6 9. Bh6 Bxc4 10. dxc4 Kh8
11. Bxf8 Qxf8 12. Qd5 Qg7 13. O-O Rg8 14. g3 Qg4 15. Kg2 h5 16. h3 Qg7 17. Rg1 Ne7 18. Qxb7 Ng6 19. Kf1 Qh6 20. Qxc7 h4
21. Qxf7 Rf8 22. Qe6 f5 23. exf5 hxg3 24. Rxg3 Nf4 25. Qxh6#
1-0

[Event "6th SC 1400/1800"]
[Site "SchemingMind.com"]
[Date "2006.04.01"]
[Round "-"]
[White "whitedog"]
[Black "spoke"]
[Result "0-1"]
[WhiteCountry "CAN"]
[BlackCountry "GER"]
[WhiteElo "1604"]
[WhiteRD "118"]
[BlackElo "1658"]
[BlackRD "66"]
[GameID "44911"]

1. d4 Nf6 2. Nf3 g6 3. c4 Bg7 4. Nc3 O-O 5. g3 d5 6. Bg2 c6 7. cxd5 Nxd5 8. O-O Na6 9. e4 Nxc3 10. bxc3 c5
11. e5 cxd4 12. cxd4 Be6 13. a3 Bd5 14. Be3 Rc8 15. Bh3 e6 16. Bg5 Qd7 17. Qd2 Bxf3
0-1

[Event "6th SC 1400/1800"]
[Site "SchemingMind.com"]
[Date "2006.04.01"]
[Round "-"]
[White "whitedog"]
[Black "keen"]
[Result "1-0"]
[WhiteCountry "CAN"]
[BlackCountry "SCO"]
[WhiteElo "1795"]
[WhiteRD "177"]
[BlackElo "1704"]
[BlackRD "69"]
[GameID "44912"]

1. d4 Nf6 2. Nf3 g6 3. Bg5 Bg7 4. c4 d6 5. Nc3 O-O 6. e3 Nbd7 7. Bd3 c6 8. O-O h6 9. Bh4 g5 10. Bg3 Nh5
11. Ne2 Ndf6 12. e4 Nxg3 13. Nxg3 a6 14. e5 Ne8 15. Nxg5 hxg5 16. Qh5 f5 17. Qxg5 Bd7 18. Nxf5 e6 19. Nh6+ Kh8 20. Qg6
1-0

[Event "6th SC 1400/1800"]
[Site "SchemingMind.com"]
[Date "2006.04.01"]
[Round "-"]
[White "whitedog"]
[Black "alejandroales"]
[Result "1-0"]
[WhiteCountry "CAN"]
[BlackCountry "ARG"]
[WhiteElo "1604"]
[WhiteRD "118"]
[BlackElo "1679"]
[BlackRD "73"]
[GameID "44913"]

1. d4 d5 2. Nf3 Nf6 3. Bg5 c6 4. e3 Bf5 5. Bxf6 exf6 6. c4 Bb4+ 7. Nc3 O-O 8. a3 Be7 9. cxd5 cxd5 10. g3 Be6
11. Bg2 Nc6 12. O-O Rc8 13. Qd3 Na5 14. Nd2 Qb6 15. b4 Nc4 16. Nxd5 Bxd5 17. Bxd5 Nxd2 18. Qxd2 Rfd8 19. Bb3 a5 20. Rab1 axb4
21. axb4 Kf8 22. b5 Qxb5 23. Be6 Qa6 24. Bxc8 Rxc8 25. Qb2 Rb8 26. Qb6 Qxb6 27. Rxb6 Ke8 28. Rfb1
1-0

[Event "6th SC 1400/1800"]
[Site "SchemingMind.com"]
[Date "2006.04.01"]
[Round "-"]
[White "whitedog"]
[Black "mohamad_souza"]
[Result "0-1"]
[WhiteCountry "CAN"]
[BlackCountry "IRQ"]
[WhiteElo "1587"]
[WhiteRD "111"]
[BlackElo "1996"]
[BlackRD "107"]
[GameID "44914"]

1. d4 d5 2. Nf3 Nc6 3. e3 Bf5 4. c4 e6 5. a3 Nf6 6. Nbd2 Be7 7. cxd5 exd5 8. Bb5 O-O 9. O-O Bg4 10. Bxc6 bxc6
11. Nb3 Rb8 12. Nbd2 c5 13. h3 Bh5 14. Qc2 Bg6 15. Qa4 Ra8 16. dxc5 Bd3 17. Rd1 Bxc5 18. Nf1 Be2 19. Rd2 Bxf3 20. gxf3 Qc8
21. Qh4 Qf5 22. Kg2 Rfe8 23. Ng3 Qg6 24. b4 Bd6 25. Bb2 Be5 26. Bxe5 Rxe5 27. Rc1 Re7 28. Rdc2 Rc8 29. Rc6 h6 30. Qd4 h5
31. h4 Rd7 32. Qxa7 Rdd8 33. Rxc7 Ra8
0-1

[Event "6th SC 1400/1800"]
[Site "SchemingMind.com"]
[Date "2006.04.01"]
[Round "-"]
[White "spoke"]
[Black "whitedog"]
[Result "1-0"]
[WhiteCountry "GER"]
[BlackCountry "CAN"]
[WhiteElo "1658"]
[WhiteRD "66"]
[BlackElo "1604"]
[BlackRD "118"]
[GameID "44915"]

1. e4 e5 2. Nf3 Nc6 3. Bc4 Bc5 4. c3 Nf6 5. d4 exd4 6. cxd4 Bb4+ 7. Bd2 Nxe4 8. Bxb4 Nxb4 9. Bxf7+ Kxf7 10. Qb3+ d5
11. Qxb4 Rf8 12. O-O Kg8 13. Nc3 b6 14. Rfe1 Nf6 15. Re3 Bb7 16. Rae1 Re8 17. Rxe8+ Nxe8 18. Qe7 Bc6 19. Qe6+
1-0

[Event "6th SC 1400/1800"]
[Site "SchemingMind.com"]
[Date "2006.04.01"]
[Round "-"]
[White "keen"]
[Black "whitedog"]
[Result "1-0"]
[WhiteCountry "SCO"]
[BlackCountry "CAN"]
[WhiteElo "1688"]
[WhiteRD "60"]
[BlackElo "1604"]
[BlackRD "118"]
[GameID "44916"]

1. e4 e5 2. Nf3 Nc6 3. Bb5 a6 4. Ba4 Nf6 5. O-O Bc5 6. Nxe5 b5 7. Nxc6 dxc6 8. Bb3 O-O 9. d3 Bg4 10. Qe1 Re8
11. Be3 Bd6 12. Nc3 a5 13. a3 Be5 14. f4 Bd4 15. Bxd4 Qxd4+ 16. Qf2 Rad8 17. Qxd4 Rxd4 18. h3 Be6 19. Bxe6 Rxe6 20. Ne2 Rd8
21. Nc3 a4 22. Ne2 Kf8 23. Ng3 c5 24. Rad1 b4 25. Nf5 g6 26. Ne3 c6 27. Nc4 Nd7 28. f5 gxf5 29. Rxf5 Kg7 30. Rdf1 f6
31. R1f4
1-0

[Event "6th SC 1400/1800"]
[Site "SchemingMind.com"]
[Date "2006.04.02"]
[Round "-"]
[White "alejandroales"]
[Black "whitedog"]
[Result "1-0"]
[WhiteCountry "ARG"]
[BlackCountry "CAN"]
[WhiteElo "1692"]
[WhiteRD "79"]
[BlackElo "1795"]
[BlackRD "177"]
[GameID "44917"]

1. Nf3 d5 2. c4 c6 3. d4 Bg4 4. Ne5 Bh5 5. Nc3 Nd7 6. cxd5 cxd5 7. Qb3 Nxe5 8. dxe5 d4 9. e3 d3 10. Qxb7 Bg6
11. Qc6+
1-0

[Event "6th SC 1400/1800"]
[Site "SchemingMind.com"]
[Date "2006.04.02"]
[Round "-"]
[White "mohamad_souza"]
[Black "whitedog"]
[Result "0-1"]
[WhiteCountry "IRQ"]
[BlackCountry "CAN"]
[WhiteElo "1940"]
[WhiteRD "117"]
[BlackElo "1604"]
[BlackRD "118"]
[GameID "44918"]

1. e4 e5 2. Nf3 Nc6 3. Bc4 Bc5 4. d3 Nf6 5. Bg5 h6 6. Bh4 d6 7. Nc3 Bg4 8. Nd5 g5 9. Bg3 Nd4 10. Ne3 Bh5
11. c3 Nxf3+ 12. gxf3 O-O 13. h3 Bxe3 14. fxe3 Re8 15. h4 g4 16. fxg4 Bxg4 17. Qb3 d5 18. exd5 Nh5 19. Bf2 Qf6 20. Rg1 Qf3
21. d4 exd4 22. cxd4 Re4 23. d6 Rae8 24. Kf1 Kh8 25. Rxg4 Rxg4 26. Ke1 Rg2 27. Qc2 Rxe3+
0-1

[Event "6th SC 1400/1800"]
[Site "SchemingMind.com"]
[Date "2006.04.02"]
[Round "-"]
[White "loco61"]
[Black "spoke"]
[Result "0-1"]
[WhiteCountry "ENG"]
[BlackCountry "GER"]
[WhiteElo "1465"]
[WhiteRD "68"]
[BlackElo "1658"]
[BlackRD "66"]
[GameID "45043"]

1. e4 e5 2. Nf3 Nc6 3. Bb5 a6 4. Ba4 Nf6 5. Nc3 b5 6. Nxb5 axb5 7. Bxb5 Bb7 8. d3 d6 9. c3 Be7 10. b4 O-O
11. a4 Na7 12. Bc4 c5 13. Bb2 cxb4 14. cxb4 Rc8 15. Ng5 h6 16. Nxf7 Rxf7 17. Bxf7+ Kxf7 18. Qb3+ Kf8 19. O-O d5 20. Rfe1 d4
21. b5 Qa5 22. Kf1 Bb4 23. Re2 Bc3 24. f3 Bxb2 25. Qxb2 Qc3 26. Qxc3 Rxc3 27. b6 Nc6 28. a5 Ba6 29. Rb2 Bxd3+ 30. Ke1 Ba6
31. b7 Nd7 32. Kd2 Ke7 33. Rc1 Rxc1 34. Kxc1 Ndb8 35. Rb6 Nxa5 36. Kc2 Nc4 37. Rg6 Kf7 38. Rg3 Bxb7 39. Rg4 Ne3+
0-1

[Event "6th SC 1400/1800"]
[Site "SchemingMind.com"]
[Date "2006.04.02"]
[Round "-"]
[White "loco61"]
[Black "keen"]
[Result "0-1"]
[WhiteCountry "ENG"]
[BlackCountry "SCO"]
[WhiteElo "1467"]
[WhiteRD "67"]
[BlackElo "1704"]
[BlackRD "69"]
[GameID "45044"]

1. e4 e5 2. Nf3 Nc6 3. Bb5 a6 4. Ba4 Nf6 5. Nc3 Bc5 6. O-O O-O 7. d3 b5 8. Bb3 Bb7 9. Bg5 h6 10. Bh4 Be7
11. Qd2 Nxe4 12. dxe4 Bxh4 13. Nxh4 Qxh4 14. Ne2 d6 15. Bd5 Rab8 16. g3 Qh5 17. Qe3 Nb4 18. Qb3 Nxd5 19. Rfe1 Nf6 20. Nc3 Ng4
21. h4 g5 22. f3 Nf6 23. Kg2 gxh4 24. Rh1 Qg5 25. Rxh4 Qd2+ 26. Kh3 Bc8+ 27. g4 h5 28. Rh1 hxg4+ 29. fxg4 Bxg4+ 30. Rxg4+ Nxg4
31. Kxg4 Qg2+
0-1

[Event "6th SC 1400/1800"]
[Site "SchemingMind.com"]
[Date "2006.04.02"]
[Round "-"]
[White "loco61"]
[Black "alejandroales"]
[Result "0-1"]
[WhiteCountry "ENG"]
[BlackCountry "ARG"]
[WhiteElo "1465"]
[WhiteRD "68"]
[BlackElo "1679"]
[BlackRD "73"]
[GameID "45045"]

1. e4 e5 2. Nf3 Nc6 3. Bb5 f5 4. Nc3 fxe4 5. Nxe4 d5 6. Ng3 Bd6 7. O-O Bd7 8. Re1 Qe7 9. c3 Nf6 10. d3 O-O
11. Bg5 Qe8 12. Qd2 h6 13. Bxh6 gxh6 14. Qxh6 Qf7 15. Ng5 Qg7 16. Qh4 Rae8 17. Bxc6 bxc6 18. h3 Nh7 19. Nxh7 Qxh7 20. Qg5+ Kh8
21. Nh5 Rf5 22. Qe3 Qxh5 23. g4 Qg6 24. Kf1 Rf4 25. Ke2 Ref8 26. Rf1 e4 27. d4 Rf3
0-1

[Event "6th SC 1400/1800"]
[Site "SchemingMind.com"]
[Date "2006.04.02"]
[Round "-"]
[White "loco61"]
[Black "mohamad_souza"]
[Result "0-1"]
[WhiteCountry "ENG"]
[BlackCountry "IRQ"]
[WhiteElo "1465"]
[WhiteRD "68"]
[BlackElo "1940"]
[BlackRD "117"]
[GameID "45046"]

1. e4 e5 2. Nf3 Nf6 3. Nc3 Nc6 4. Bb5 Bb4 5. a3 Ba5 6. b4 Bb6 7. Bb2 O-O 8. Qe2 Nd4 9. Nxd4 Bxd4 10. O-O d6
11. Nd1 Bg4 12. Qe1 Bxd1 13. Bxd4 Bxc2 14. Bc3 c6 15. Bc4 Bxe4 16. f3 Bd5 17. Bxd5 Nxd5 18. Bb2 a5 19. d4 exd4 20. Bxd4 Qg5
21. h4 Qf4 22. Bf2 Rfe8 23. Qc1 Qxc1 24. Raxc1 axb4 25. axb4 Nxb4 26. Bb6 Nd5 27. Bd4 Nf4 28. Kf2 Ra2+ 29. Kg1 Ne2+
0-1

[Event "6th SC 1400/1800"]
[Site "SchemingMind.com"]
[Date "2006.04.02"]
[Round "-"]
[White "loco61"]
[Black "whitedog"]
[Result "1-0"]
[WhiteCountry "ENG"]
[BlackCountry "CAN"]
[WhiteElo "1465"]
[WhiteRD "68"]
[BlackElo "1604"]
[BlackRD "118"]
[GameID "45047"]

1. e4 e5 2. Nf3 Nc6 3. Bb5 a6 4. Ba4 Nf6 5. Nc3 b5 6. Bb3 Bc5 7. d3 d6 8. Ng5 O-O 9. Bd2 Bg4 10. f3 Bh5
11. g4 Bg6 12. h4 Nd4 13. Ne2 Nxb3 14. axb3 h6 15. Nh3 Re8 16. h5 Bh7 17. c3 Bb6 18. c4 c6 19. g5 Nxh5 20. gxh6 Kf8
21. Qc2 Qh4+ 22. Kd1 Ng3 23. Be1
1-0

[Event "6th SC 1400/1800"]
[Site "SchemingMind.com"]
[Date "2006.04.03"]
[Round "-"]
[White "spoke"]
[Black "loco61"]
[Result "1-0"]
[WhiteCountry "GER"]
[BlackCountry "ENG"]
[WhiteElo "1621"]
[WhiteRD "70"]
[BlackElo "1467"]
[BlackRD "67"]
[GameID "45048"]

1. e4 e5 2. Nf3 Nc6 3. Bc4 h6 4. d4 d6 5. dxe5 Bg4 6. Be3 Nxe5 7. Nbd2 Nf6 8. h3 Bd7 9. Nxe5 dxe5 10. Nf3 Bd6
11. O-O Nxe4 12. Qd5 Be6 13. Qxe4 Bxc4 14. Qxc4 O-O 15. Rad1 Qe7 16. Rfe1 b6 17. Bf4 Qe6 18. Qxe6 fxe6 19. Bxe5 Rad8 20. Bxd6 cxd6
21. Rxe6 d5 22. Re5 Rc8 23. c3 Rcd8 24. Rexd5 Rxd5 25. Rxd5
1-0

[Event "6th SC 1400/1800"]
[Site "SchemingMind.com"]
[Date "2006.04.02"]
[Round "-"]
[White "keen"]
[Black "loco61"]
[Result "1-0"]
[WhiteCountry "SCO"]
[BlackCountry "ENG"]
[WhiteElo "1704"]
[WhiteRD "69"]
[BlackElo "1467"]
[BlackRD "67"]
[GameID "45049"]

1. e4 e5 2. Nf3 Nc6 3. Bb5 d6 4. h3 a6 5. Ba4 b5 6. Bb3 Nf6 7. d3 h6 8. O-O Be7 9. Re1 O-O 10. Nbd2 a5
11. a4 b4 12. c3 Ba6 13. d4 exd4 14. cxd4 d5 15. exd5 Nxd5 16. Ne4 Nf6 17. d5 Nb8 18. Ne5 Nbd7 19. Ng6 fxg6 20. d6+ Kh7
21. dxe7
1-0

[Event "6th SC 1400/1800"]
[Site "SchemingMind.com"]
[Date "2006.04.02"]
[Round "-"]
[White "alejandroales"]
[Black "loco61"]
[Result "1-0"]
[WhiteCountry "ARG"]
[BlackCountry "ENG"]
[WhiteElo "1679"]
[WhiteRD "73"]
[BlackElo "1465"]
[BlackRD "68"]
[GameID "45050"]

1. d4 Nf6 2. c4 e6 3. Nc3 d5 4. Bg5 Bb4 5. Nf3 O-O 6. e3 Nc6 7. Rc1 h6 8. Bh4 Be7 9. cxd5 exd5 10. Bb5 Bd7
11. Qb3 Be6 12. Bxc6 bxc6 13. Ne5 Qd6 14. Qa4 Bd7 15. Qa6 g5 16. Bg3 Qe6 17. Ne2 c5 18. Qxe6 Bxe6 19. dxc5 Rab8 20. Nc6 Rbe8
21. Bxc7 Ne4 22. Nxe7+ Rxe7 23. Ba5 Rc8 24. b4 a6 25. Nd4 Bd7 26. Ke2 Bb5+ 27. Nxb5 axb5 28. Rhd1 Rd7 29. f3 Nf6 30. c6 Rd6
31. c7 Ne8 32. Rc5 Rd7 33. Rdxd5 Rxd5 34. Rxd5 Nxc7 35. Rc5 Rb8 36. Rxc7 Kf8 37. e4 Ke8 38. Rc6 h5 39. Rh6 h4 40. Rh8+
1-0

[Event "6th SC 1400/1800"]
[Site "SchemingMind.com"]
[Date "2006.04.02"]
[Round "-"]
[White "mohamad_souza"]
[Black "loco61"]
[Result "1-0"]
[WhiteCountry "IRQ"]
[BlackCountry "ENG"]
[WhiteElo "1940"]
[WhiteRD "117"]
[BlackElo "1465"]
[BlackRD "68"]
[GameID "45051"]

1. e4 e5 2. Nf3 Nc6 3. Bb5 d6 4. d4 Bg4 5. d5 a6 6. dxc6 axb5 7. cxb7 Rb8 8. Qd5 Qd7 9. Nbd2 Nf6 10. Qd3 Rxb7
11. O-O Be7 12. h3 Be6 13. Ng5 h6 14. Nxe6 Qxe6 15. Nf3 O-O 16. a3 c6 17. Be3 c5 18. Bd2 Qc4 19. Rfe1 Qxd3 20. cxd3 c4
21. dxc4 bxc4 22. Bb4 Re8 23. Nd2 d5 24. Bxe7 Rexe7 25. exd5 Nxd5 26. Nxc4 f6 27. Rad1 Nf4 28. b4 Kf7 29. Nd6+
1-0

[Event "6th SC 1400/1800"]
[Site "SchemingMind.com"]
[Date "2006.04.02"]
[Round "-"]
[White "whitedog"]
[Black "loco61"]
[Result "1-0"]
[WhiteCountry "CAN"]
[BlackCountry "ENG"]
[WhiteElo "1604"]
[WhiteRD "118"]
[BlackElo "1465"]
[BlackRD "68"]
[GameID "45052"]

1. d4 Nf6 2. Nf3 d5 3. Bg5 Bf5 4. g3 Nc6 5. Bg2 Qd6 6. a3 e5 7. dxe5 Nxe5 8. Nxe5 Qxe5 9. Bxf6 Qxf6 10. c3 c6
11. O-O Bc5 12. e3 O-O 13. Qb3 b6 14. Nd2 Rad8 15. Qa4 a5 16. Qf4 g5 17. Qf3 g4 18. Qe2 Rfe8 19. Nb3 Bd6 20. Nd4 h5
21. Nxc6 Rc8 22. Nd4 Re5 23. Nxf5 Rxf5 24. Rad1 Qe6 25. f3 gxf3 26. Rxf3 Rxf3 27. Bxf3 h4 28. Bxd5 Qe5 29. Qg4+ Kh7 30. Qxh4+
1-0